Регионална библиотека "Любен Каравелов" - Русе

Врагът (Запис номер 13005)

MARC детайли
000 -Лидер
Контролно поле с фиксирана дължина 01237nam a2200313 c 4500
003 - Код на организацията, давaща контролен номер
Контролно поле BLK
005 - Дата и час на последна редакция
Контролно поле 20250329152557.0
008 - Елементи от данни с фиксирана дължина
fixed length control field 180412b bul|||||r ||||||| ||bul||
010 ## - Наследен системен номер
LC control number KNG00014629000
020 ## - Международен стандартен номер на книга ISBN
Международен стандартен номер на книга ISBN 954-418-079-6
-- издат.: Галактика
040 ## - Източник на каталожния запис
Идентификатор на билиотеката - собственик на записа BLK
041 ## - Код за език
Код за езика на текст/звукозапис или на отделно заглавие Български
Код за езика КДБФ Български
080 ## - УДК
Текстов определител УДК Немска литература
УДК код - определител по УДК 821.112.2
УДК определител -32
УДК - код + определител 821.112.2-32
100 1# - Редна дума - Автор
Автор Ремарк, Ерих Мария
Авторска отговорност първи автор
Автор - информация (биография) Ремарк, Ерих Паул
R(LIN) 257978
139 ## - Редно поле
Редна дума Ремарк, Ерих Мария
Авторски знак Рем - Р 51
245 10 - Сведения за заглавието
Заглавие Врагът
Подзаглавни данни Разкази
Редно поле (дума) Ерих Мария Ремарк; прев. от нем. Димитричка Железарова.
257 ## - Страна на издаване
Страна на създаване/издаване Германия
260 ## - Област на издателските данни
-- Варна
Име на издателя, разпространителя и проч. Галактика
Година на издаване 1995
300 ## - Физическа характеристика
Страници 72 с.
Размери/Мащаб 20 см
380 ## - Жанр
Жанр Худож. лит.
500 ## - Общи забележки
Забележка Ориг. загл. Der Feind / Erich Maria Remarque. - 1 000 тир.
700 1# - Други автори (авторска отговорност)
Лично име Железарова, Димитричка
Автороска отговорност (Описва отношението между автора и произведението) прев. от нем.
9 (RLIN) 257979
852 ## - Местоположение
Форматна сигнатура Цб 190612
856 4# - Електронен адрес и достъп
Електронен формат pdf - файл
Път до файла /url/
856 4# - Електронен адрес и достъп
Електронен формат pdf - файл
Път до файла /url/
942 ## - АРТИКУЛИ
Вид на библиотечния материал Книги
Скрит в OPAC Не
Koha issues (borrowed), all copies 6
944 ## - СЪЗДАВАНЕ И РЕДАКЦИЯ на ЗАПИСА
Създаване/Редакция Създаване
Дата на регистрацията/редакция 15.01.2003
Служител, извършил регистрацията/редакцията 30540
Статус, дата на статуса Севдалина Тодорова
944 ## - СЪЗДАВАНЕ И РЕДАКЦИЯ на ЗАПИСА
Създаване/Редакция Редакция
Дата на регистрацията/редакция 23.07.2015
Служител, извършил регистрацията/редакцията Виолета_Тройчева
999 ## - СИСТЕМНИ КОНТРОЛНИ НОМЕРА
Koha biblionumber 13005
Koha biblioitemnumber 13005
Наличности
Код за отписване Код за изгубен артикул Източник на класификационната схема Код за повреда Коз за рестрикции Код за отдаване Артикулен № Име на библиотеката - собственик Име на библиотеката, в която се намира в момента Статус (Текущо местоположение) Дата на вписване в системата Местоположение - отдел Цена в лева Инвентарен номер Систематично азбучна сигнатура Баркод Номер на екземпляра Цена в евро Служебна бележка Служебен тип на артикула
  Не е изгубен Universal Decimal Classification Не е повреден без рестрикции заемане за дома 22386 Регионална библиотека "Любен Каравелов" Русе Регионална библиотека "Любен Каравелов" Русе Заемна - подръчен фонд 2001-01-01 Заемна - подръчен фонд 1.14 619038 П 830-32/Р 51 120000619038 1 0.58 Дост: Pk Вид: Ф N: стар фонд Дата: 01.01.1995 Дата инв: 16.02.2018 Бележки инв: П2018 Книги
  Не е изгубен Universal Decimal Classification Не е повреден без рестрикции ползва се в читалня 22387 Регионална библиотека "Любен Каравелов" Русе Регионална библиотека "Любен Каравелов" Русе Хранилище 2001-01-01 Хранилище 1.14 627253 Цб 190612 120000627253 2 0.58 Дост: Dp Вид: Д N: стар фонд Дата: 01.01.1995 Книги
Vip Innovations Ltd, Rousse, Bulgaria 2025